00553cam a22001931 4500001001300000003000400013005001700017008004100034010001700075035002000092040003600112042001200148050001900160100003400179245007500213260003700288300001900325999001500344af 48003672 DLC20260227110903.0890524s1942 gw 000 0 ger c aaf 48003672  a(OCoLC)19760396 aYale Univ. LibrarycCUdCUdDLC apremarc00aPT2635.U77bD61 aRuppel, Heinrich,d1886-1974.10aDòˆrthe Danz;bheitere Geschichten.cMit Umschlagbild von W. Tilcher. aMelsungen,bA. Bernecker,c1942. a159 p.c19 cm. c5717d5717